| 000 | 01018nam a22002177a 4500 | ||
|---|---|---|---|
| 999 |
_c1785 _d1785 |
||
| 003 | AR-CdUCM | ||
| 008 | 190227b ||||| |||| 00| 0 spa d | ||
| 040 |
_aMUNICIPALIDAD PROVINCIAL DEL CUSCO _cBIBLIOTECA MUNICIPAL DEL CUSCO |
||
| 082 |
_a913.85 / _bZ55 |
||
| 100 |
_aZecenarro Benavente, Germán _96554 |
||
| 245 | _aArquitectura arqueológica en la quebrada de Thanpumach'ay / | ||
| 260 |
_aCusco : _bMunicipalidad del Cusco, _c2001. |
||
| 300 |
_aIV, 301 páginas ; _c27.5 cm. |
||
| 505 | _aLa quebrada de Thanpumach´ay -- Antecedentes históricos -- Wakas y seqes en la quebrada de Thanpumach´ay -- Generalidades sobre los aspectos espaciales y urbanos -- Arquitectura arqueológica en Thanpumach´ay -- Interpretación y propuestas de reconstrucción hipotética ... | ||
| 650 |
_aArqueología - Cusco - Perú _96555 |
||
| 650 |
_aQuebrada de Tambomachay - Cusco _96556 |
||
| 650 |
_aHuacas - Cusco. _96557 |
||
| 710 |
_aMUNICIPALIDAD DEL CUSCO _9876 |
||
| 942 |
_2ddc _cLIBROS |
||
| 945 |
_alccs _d2019-02-27 |
||